Acta Facultatis Iuridicae Universitatis Comenianae

Saved in:
Bibliographic Details
Corporate Author: Univerzita Komenského v Bratislave. Právnická fakulta
Format: Book
Language:Slovak
Published: Bratislava Slovenské pedagogické nakladateľstvo 1990
Edition:1. vyd.
Tags: Add Tag
No Tags, Be the first to tag this record!

MARC

LEADER 00000nam a2200000 4500
001 c033049
005 20250813095009.1
041 0 |a slo 
044 |a SK 
245 1 0 |a Acta Facultatis Iuridicae Universitatis Comenianae 
250 |a 1. vyd. 
264 1 |a Bratislava  |b Slovenské pedagogické nakladateľstvo  |c 1990 
300 |a 121 s. 
710 2 |a Univerzita Komenského v Bratislave. Právnická fakulta